000 00610nam a2200193Ia 4500
005 20250508155613.0
008 008 250505s9999 xx 000 0 eng d
037 _aDissertations
040 _aFEDL
_beng
_cFEDL
041 _aeng
_2eng
084 _a375.32, JOS/DI
_qFEDL
100 _aJoshi Trilok Chandra Janardan
_9767155
245 0 _aCritical evaluation of civics text-books prescribed in the higher secondary classes of Delhi
260 _c1968
300 _a65p.
546 _aM. Ed. Dissertation (Delhi University)
942 _cDIS
_h375.32, JOS/DI
999 _c1358160
_d1358160